Statistics for Colors in Chinese

Click here to take the quiz!

General Stats

  • This quiz has been taken 6 times
  • The average score is 7 of 14

Answer Stats

HintAnswer% Correct
白色Bái sè - white
100%
黑色Hēi sè - black
100%
红色Hóng sè - red
67%
黄色Huáng sè - yellow
67%
灰色Huī sè - gray
67%
金色Jīnsè - gold
67%
蓝色Lán sè - blue
67%
颜色Yán sè - colors
67%
橙色Chéng sè - orange
33%
银色Yínsè - Silver
33%
紫色Zǐ sè - purple
33%
粉色Fěnsè - pink
0%
绿色Lǜ sè - green
0%
棕色Zōng sè - brown
0%

Score Distribution

Percentile by Number Answered

Percent of People with Each Score

Your Score History

You have not taken this quiz